MARC

LEADER 00000nam0a2200000 4500
001 357958
005 20231102011038.0
035 |a (RuTPU)RU\TPU\retro\15226 
090 |a 357958 
100 |a 20200812d1973 k y0rusy50 ca 
101 0 |a rus 
102 |a RU 
105 |a af z 001zy 
200 1 |a Общая теория методов геодезической астрономии  |e [монография]  |f С. С. Уралов 
210 |a Москва  |c Недра  |d 1973 
215 |a 271 с.  |c ил. 
320 |a Библиогр.: с. 262-266 
606 1 |a Геодезическая астрономия  |2 stltpush  |3 (RuTPU)RU\TPU\subj\5941  |9 33923 
610 1 |a астрономические определения 
610 1 |a азимутальные способы 
610 1 |a азимуты 
610 1 |a определение 
610 1 |a широта 
610 1 |a долгота 
610 1 |a наблюдения 
610 1 |a светила 
610 1 |a звезды 
610 1 |a косвенные методы 
610 1 |a непосредственные методы 
610 1 |a сравнительный анализ 
610 1 |a зенитальные способы 
610 1 |a способ равных высот 
610 1 |a монографии 
675 |a 528.28  |v 4 
700 1 |a Уралов  |b С. С.  |g Сергей Сергеевич 
801 1 |a RU  |b 63413507  |c 20200812 
801 2 |a RU  |b 63413507  |c 20210329  |g RCR 
942 |c BK